Największe gatunki ptaków - Statystyki

Ogólne statystyki
  • Ten quiz został rozwiązany 75 razy
  • Średni wynik to 6 z 12
Statystyki odpowiedzi
Grupa Ptak % Poprawnych
Najcięższy ptak #1 Struś
92%
Najcięższy ptak #3 Emu
88%
Największa rozpiętość skrzydeł Kondor
65%
Największa rozpiętość skrzydeł Sęp
60%
Najcięższy ptak #2 Kazuar
52%
Największa rozpiętość skrzydeł Albatros
49%
Największa rozpiętość skrzydeł Bocian
45%
Największa rozpiętość skrzydeł Łabędź
35%
Największa rozpiętość skrzydeł Pelikan
31%
Największa rozpiętość skrzydeł Drop
23%
Najcięższy ptak #4 Pingwin cesarski
14%
Najcięższy ptak #5 Rhea
6%
Nie znaleziono quizów pasujących do podanych kryteriów
Rozkład punktacji
Procent ludzi z każdym wynikiem
Percentyl według liczby udzielonych odpowiedzi
Twoja historia wyników
Nie rozwiązałeś tego quizu